=LDR 00000nam 2200000 4500 =001 INLIS000000000023859 =005 20130612122502 =008 ***********************************Ind** =035 ##$$0010-061300000023859 =041 ##$$a Ind =082 ##$$a 372.72 =090 ##$$a 372.72, Muh p =100 ##$$a Muhammad S =245 ##$$a Pengajaran berhitung untuk kelas V Caturwulan 2 sekolah dasar, Muhammad S =260 ##$$a 1993 $b Solo =300 ##$$a 87 hlm, ilus, 28 cm =650 ##$$a Matematika - Study dasar pengajaran =850 ##$$a NBPNMAT